000
00311nam a2200109Ia 4500
005
20251222143154.0
008
251222s9999||||xx |||||||||||||| ||spa||
082
_a
338.64/C76
245
0
_a
Foro de Innovación Tecnológica y Descentralización Orientado a las Pymes del Perú
264
_b
CONCYTEC
942
_c
LIB
999
_c
12796
_d
12796